|
|
|
|
| LEADER |
00000nam2a2200000 4500 |
| 001 |
287772 |
| 005 |
20231102000025.0 |
| 035 |
|
|
|a (RuTPU)RU\TPU\book\312201
|
| 090 |
|
|
|a 287772
|
| 100 |
|
|
|a 20150319d1985 k y0rusy50 ca
|
| 101 |
0 |
|
|a rus
|
| 102 |
|
|
|a RU
|
| 105 |
|
|
|a y z 001zy
|
| 200 |
0 |
|
|a Вып. 14 : Кубатурные формулы и функциональные уравнения
|
| 210 |
|
|
|d 1985
|
| 215 |
|
|
|a 192 с.
|
| 320 |
|
|
|a Библиогр. в конце ст.
|
| 461 |
|
1 |
|0 (RuTPU)RU\TPU\book\308009
|t Методы вычислений
|o сборник научных статей
|f Ленинградский государственный университет (ЛГУ)
|v Вып. 14 : Кубатурные формулы и функциональные уравнения
|d 1963-
|
| 606 |
1 |
|
|a Кубатурные формулы
|2 stltpush
|3 (RuTPU)RU\TPU\subj\16594
|9 42553
|
| 610 |
1 |
|
|a функциональные уравнения
|
| 610 |
1 |
|
|a вычисления
|
| 610 |
1 |
|
|a квадратурные формулы
|
| 610 |
1 |
|
|a теория приближения
|
| 610 |
1 |
|
|a функции
|
| 610 |
1 |
|
|a решения
|
| 675 |
|
|
|a 517.518.87
|v 3
|
| 801 |
|
1 |
|a RU
|b 63413507
|c 20150319
|
| 801 |
|
2 |
|a RU
|b 63413507
|c 20171116
|g RCR
|
| 942 |
|
|
|c BK
|